000 00685nam a2200265Ia 4500
005 20260121165018.0
008 008 260114s9999 xx 000 0 eng d
020 _a9781137507501
037 _aEBOOK
040 _aCRL
040 _beng
040 _cCRL
041 _2eng
041 _aeng
084 _qCRL
100 _aShahid M. Shahidullah
_91046450
245 0 _aCrime, Criminal Justice, and the Evolving Science of Criminology in South Asia
260 _bSpringer
260 _bSpringer
260 _c2017
856 _uhttps://link.springer.com/openurl?genre=book&isbn=978-1-137-50750-1
942 _cEBOOK
999 _c1612175
_d1612175